| 000 | 00834nas a2200205 i 4500 | ||
|---|---|---|---|
| 001 | 189850 | ||
| 003 | ES-MaACL | ||
| 005 | 20250217134934.0 | ||
| 008 | 191210d1963 sp a| | ||pa d | ||
| 022 | _a2478-561X | ||
| 110 | 2 |
_aUniversidad de Navarra. _bInstituto de Estudios Superiores de la Empresa. _97255 |
|
| 245 | 1 | 0 |
_aMemoria informativa de programas _b: año académico... / _cUniversidad de Navarra, Instituto de Estudios Superiores de la Empresa. |
| 260 |
_aBarcelona : _bIESE, _c1963- |
||
| 300 |
_a5 v. ; _c30 cm. |
||
| 610 | 2 | 4 |
_aUniversidad de Navarra. _bInstituto de Estudios Superiores de la Empresa- _vProgramas de estudio. _9169046 |
| 852 |
_aES-MaACL _jP-1118 |
||
| 852 |
_aES-MaACL _jA-9219 _z.- (Año 1977-1978) |
||
| 866 | 0 | _o1964/1965,1965/1966, 1967/1968, 1971/1972, 1977/1978 | |
| 999 |
_c189850 _d189850 |
||